Las estrellas = Stars / (Record no. 16216)

MARC details
000 -LEADER
fixed length control field 01701cam a2200481 a 4500
001 - CONTROL NUMBER
control field sjds500678
003 - CONTROL NUMBER IDENTIFIER
control field sjds
005 - DATE AND TIME OF LATEST TRANSACTION
control field 20161013131611.0
008 - FIXED-LENGTH DATA ELEMENTS--GENERAL INFORMATION
fixed length control field 111222s2013 nyua j 001 0 eng
010 ## - LIBRARY OF CONGRESS CONTROL NUMBER
LC control number 2011050055
020 ## - INTERNATIONAL STANDARD BOOK NUMBER
International Standard Book Number 9781448878246 (library binding)
020 ## - INTERNATIONAL STANDARD BOOK NUMBER
International Standard Book Number 1448878241 (library binding)
035 ## - SYSTEM CONTROL NUMBER
System control number (OCoLC)769289560
035 ## - SYSTEM CONTROL NUMBER
Canceled/invalid control number (OCoLC)779874204
040 ## - CATALOGING SOURCE
Original cataloging agency DLC
Language of cataloging eng
Transcribing agency DLC
Modifying agency BDX
-- BTCTA
-- OCLCO
-- IG#
-- IFA
-- UtOrBLW
041 1# - LANGUAGE CODE
Language code of text/sound track or separate title eng
-- spa
Language code of original eng
049 ## - LOCAL HOLDINGS (OCLC)
Holding library IFAA
099 ## - LOCAL FREE-TEXT CALL NUMBER (OCLC)
Classification number CHILDREN ESPANOL 523.8 PETERS 2013
999 ## - SYSTEM CONTROL NUMBERS (KOHA)
Koha Dewey Subclass [OBSOLETE] CHILDREN ESPANOL 523.8 PETERS 2013
100 1# - MAIN ENTRY--PERSONAL NAME
Personal name Peters, Elisa.
245 14 - TITLE STATEMENT
Title Las estrellas = Stars /
Statement of responsibility, etc. by Elisa Peters ; traducción al español, Eduardo Alamán.
246 31 - VARYING FORM OF TITLE
Title proper/short title Stars
250 ## - EDITION STATEMENT
Edition statement First edition, bilingual edition.
260 ## - PUBLICATION, DISTRIBUTION, ETC. (IMPRINT)
Place of publication, distribution, etc. New York :
Name of publisher, distributor, etc. PowerKids Press,
Date of publication, distribution, etc. 2013.
264 #1 - PRODUCTION, PUBLICATION, DISTRIBUTION, MANUFACTURE, AND COPYRIGHT NOTICE
Place of production, publication, distribution, manufacture New York :
Name of producer, publisher, distributor, manufacturer PowerKids Press,
Date of production, publication, distribution, manufacture, or copyright notice 2013.
300 ## - PHYSICAL DESCRIPTION
Extent 24 pages :
Other physical details color illustrations ;
Dimensions 19 cm.
336 ## - CONTENT TYPE
Content type term text
Content type code txt
Source rdacontent
337 ## - MEDIA TYPE
Media type term unmediated
Media type code n
Source rdamedia
338 ## - CARRIER TYPE
Carrier type term volume
Carrier type code nc
Source rdacarrier
490 1# - SERIES STATEMENT
Series statement Powerkids readers: the universe / el universo
500 ## - GENERAL NOTE
General note Includes index.
526 0# - STUDY PROGRAM INFORMATION NOTE
Program name Accelerated Reader
Interest level LG
Reading level 0.9
Title point value 0.5
Public note 155317
650 #0 - SUBJECT ADDED ENTRY--TOPICAL TERM
Topical term or geographic name as entry element Stars
Form subdivision Juvenile literature.
650 #0 - SUBJECT ADDED ENTRY--TOPICAL TERM
Topical term or geographic name as entry element Spanish language materials
General subdivision Bilingual
Form subdivision Juvenile literature.
650 #7 - SUBJECT ADDED ENTRY--TOPICAL TERM
Topical term or geographic name as entry element Estrellas
Form subdivision Literatura juvenil.
Source of heading or term bidex
650 #7 - SUBJECT ADDED ENTRY--TOPICAL TERM
Topical term or geographic name as entry element Materiales bilingües en español
Form subdivision Literatura juvenil.
Source of heading or term bidex
700 12 - ADDED ENTRY--PERSONAL NAME
Personal name Peters, Elisa.
Title of a work Stars.
Language of a work English.
700 12 - ADDED ENTRY--PERSONAL NAME
Personal name Peters, Elisa.
Title of a work Stars.
Language of a work Spanish.
700 1# - ADDED ENTRY--PERSONAL NAME
Personal name Alamán, Eduardo.
830 #0 - SERIES ADDED ENTRY--UNIFORM TITLE
Uniform title PowerKids readers.
Name of part/section of a work Universe.
942 ## - ADDED ENTRY ELEMENTS (KOHA)
Source of classification or shelving scheme Dewey Decimal Classification
Koha item type Libro/Book
949 ## - LOCAL PROCESSING INFORMATION (OCLC)
a Polaris526

No items available.

Powered by Koha